[Event "World Women-ch k.o."]
[Site "Antakya"]
[Date "2010.12.21"]
[Round "6.2"]
[White "Ruan, Lufei"]
[Black "Hou, Yifan"]
[Result "0-1"]
[WhiteElo "2480"]
[BlackElo "2591"]
[Annotator "Postny,E"]
[PlyCount "118"]
[EventDate "2010.12.04"]
[EventType "k.o."]
[EventRounds "6"]
[EventCountry "TUR"]
[SourceTitle "CBM 140"]
[Source "ChessBase"]
[SourceDate "2011.01.18"]
[SourceVersion "1"]
[SourceVersionDate "2011.01.18"]
[SourceQuality "1"]

1. e4 c5 2. Nf3 e6 3. d4 cxd4 4. Nxd4 Nf6 5. Nc3 d6 6. Be2 Be7 7. O-O Nc6 8.
Be3 O-O 9. f4 {This is classical Scheveningen system. Nowadays, this setup has
lost some of its venom, as numerous satisfactory lines have been found for
Black. The second player has a wide choice of moves, such as 9...a6, 9...Bd7,
9...Qc7, and also the continuation that now follows.} e5 $5 {This move leads
to an immediate clash in the centre and a change in the structure.} 10. Nxc6 {
Besides this, White has alternative options.} (10. Nb3 exf4 11. Bxf4 Be6 12.
Qd2 d5 13. exd5 Nxd5 14. Nxd5 Qxd5 15. Qxd5 Bxd5 16. Rfd1 Rfd8 17. c3 Rac8 18.
Rd2 Be6 19. Rad1 Rxd2 20. Rxd2 f6 21. Bd6 Rd8 22. Bxe7 {1/2-1/2 Alekseev,E 
(2700)-Svidler,P (2735)/Astrakhan 2010/CBM 137}) (10. fxe5 dxe5 11. Nf5 Bxf5
12. Rxf5 Rc8 ({In the event of a queen swap} 12... Qxd1+ 13. Rxd1 g6 14. Rf2 {
White retains some slight pressure.}) 13. Bd3 Bb4 14. Bg5 Bxc3 15. bxc3 Qb6+
16. Rf2 Ne8 17. Rb1 Qc5 18. Rxb7 Nd6 19. Rb3 f5 $1 $132 {1/2-1/2 Jakovenko,D 
(2671)-Alekseev,E (2639)/Moscow 2006/CBM 116 (45)}) 10... bxc6 11. Kh1 ({
The endgame after} 11. fxe5 dxe5 12. Qxd8 Rxd8 {is equal.}) 11... exf4 12. Bxf4
Be6 13. Bf3 {This move prevents the advance d6-d5.} Qb8 (13... Qb6 14. b3 Rad8
{has appeared in practice as well. To my mind Black has all reasons to be
satisfied.}) 14. b3 Qb4 15. Qe1 $146 {A sensible novelty. The queen is going
to g3.} (15. Qd2 Rfd8 16. Rad1 Rac8 17. Qe3 d5 18. Be5 Qa5 19. exd5 Nxd5 20.
Nxd5 cxd5 $11 {0-1 Svidler,P (2727)-Movsesian,S (2732)/Nanjing 2008/CBM 128 
(47)}) 15... a5 16. Rd1 Rfe8 $6 {A somewhat abstract move. It was the right
time to transfer the knight to e5.} (16... Ng4 17. Ne2 Qxe1 18. Rdxe1 g5 $1 (
18... Ne5 19. Nd4 Bf6 20. Bxe5 dxe5 21. Nxe6 fxe6 $14) 19. Bd2 Ne5 $11) 17. e5
$1 dxe5 (17... Qxf4 $4 18. exf6 Bxf6 19. Bxc6 $18) 18. Bxe5 {[%csl Rc6]} Rac8 (
18... Rad8 19. Qg3 Rxd1 20. Rxd1 Rd8 21. Rxd8+ Bxd8 22. h3 $14 (22. Bxc6 $2 Ng4
$36)) 19. Qg3 g6 20. Na4 $6 (20. Bxf6 Bxf6 21. Ne4 Be7 22. Nd6 Bxd6 23. Qxd6 {
is just equality for White, he can still fight for more than that.}) (20. a3 $1
{A computer like move with the idea of distracting Black's queen. White's
queen gets access to the f4-square. The following spectacular lines confirm
that Black's task wouldn't be easy.} Qxa3 (20... Qb6 $2 21. Qf4 Nd7 {[%tqu
"En","Can you spot the winning continuation?","","","d1d7","",5]} 22. Rxd7 $1
Bxd7 {[%tqu "En","Complete the picture.","","","f4f7","",5]} 23. Qxf7+ $3 Kxf7
24. Bd5#) (20... Qb7 $1 21. Ne4 (21. Qf4 Nd7 22. Rxd7 {Now this doesn't work.}
Qxd7 23. Ne4 Bf5 24. Qh6 f6 25. Nxf6+ Bxf6 26. Bxf6 Re6 {Even here White has
compensation, but not more than that.}) 21... Nxe4 22. Bxe4 Bf8 $14) 21. Be2 $1
Nd5 (21... Nd7 $2 22. Rxd7 $1 Bxd7 23. Rxf7 $1 Kxf7 (23... Qc1+ 24. Rf1 $18 {
[%cal Ge2c4]}) 24. Qf4+ Bf5 25. Bc4+ Kf8 26. Qh6#) 22. Ne4 {threatening c2-c4
followed by Qg3-f4 with mate on the dark squares. Therefore, Black's next move
is practically forced.} f6 23. Nxf6+ Nxf6 24. Bxf6 Bxf6 25. Rxf6 $16) 20... Nd5
$2 (20... Ne4 21. Qf4 f5 22. c3 Qxa4 $1 {The point.} 23. bxa4 Bg5 24. Bxe4 Bxf4
25. Rxf4 fxe4 26. Rxe4 Bd5 $11) 21. Bxd5 $2 {The turning point. This exchange
spoils all of White's initiative.} (21. Bd4 $1 c5 (21... Qb8 22. Qf2 $16 {
[%cal Ga4c5]}) 22. Bxd5 cxd4 23. Bxe6 fxe6 24. Qe5 Rxc2 25. Qxe6+ Kh8 26. Qe5+
Kg8 27. Qd5+ Kh8 28. Rxd4 $16) 21... cxd5 22. Bc3 Qg4 $1 {The exchange of
queens favours Black. The Pd5 is of little significance.} 23. Qxg4 Bxg4 24.
Rxd5 Bb4 25. Bxb4 axb4 26. Rd2 (26. h3 Bf5 27. Rf2 Rxc2 28. Rxc2 Bxc2 29. Rd4 {
is the clearest path to equality, but the move in the text is not a mistake.
Yet.}) 26... Bf5 27. Kg1 Rxc2 28. Rxc2 Bxc2 29. Kf2 Bd3 30. Re1 $6 ({Again,
White should hunt the Pb4.} 30. Rd1 Bb5 31. Rd5 Bc6 32. Rd4 $11) 30... Rc8 31.
Ke3 Bb5 32. Rd1 $2 {This mistake is already decisive.} ({White could still
hold after} 32. Rb1 $1 {followed by 33.Rb2 covering the 2nd rank.}) 32... Re8+
33. Kf4 Re2 $19 34. g4 {Other moves would not save him either.} Bxa4 35. bxa4
Rxa2 36. Rd4 Rxa4 37. h4 {Two extra pawns are enough for a win, but it's not a
trivial matter whenever Black's rook is passive.} Kf8 38. Re4 f6 39. Rc4 Ke7
40. Rd4 Ke6 41. Ke4 Ke7 42. Kf4 h6 43. h5 gxh5 44. gxh5 Kf7 45. Re4 Kf8 {
There is no point of going backwards, but this move doesn't spoil anything.} ({
The winning path is} 45... f5 $1 {At the price of a pawn transferring the rook
to an ideal location.} 46. Kxf5 Ra5+ 47. Kf4 Rb5 48. Re2 b3 49. Rb2 Kf6 $19)
46. Kg4 (46. Rd4 Ke7 47. Ke4 f5+ $1 {realising the same idea as in the game.})
46... f5+ $2 {The correct idea but a wrong interpretation of it.} ({It was
necessary to repeat the position by} 46... Kf7 47. Kf4 {and now} f5 {
transposes to the above-mentioned 45...f5 variation.}) 47. Kxf5 Ra5+ 48. Kg6 $2
{Missing the chance. The king goes the wrong way.} (48. Ke6 $2 Rb5 49. Rf4+ Kg7
50. Rg4+ Kh7 $19) (48. Kf6 $1 Rb5 49. Re2 b3 (49... Rxh5 50. Ra2 $1 Ke8 51. Ke6
Kd8 52. Kd6 Kc8 53. Kc6 Kb8 54. Ra6 $1 $11) 50. Rb2 Rb6+ 51. Ke5 Ke7 52. Kd4
Kf6 53. Rg2 $1 {[%cal Gg2g6] The key move that yields White a study-like
escape.} Rb5 54. Kc3 b2 (54... Kf5 55. Kb2 $11) 55. Rxb2 Rxb2 56. Kxb2 Kg5 57.
Kc2 Kxh5 58. Kd2 Kg4 59. Ke2 Kg3 60. Kf1 $11) 48... Ra6+ 49. Kh7 (49. Kf5 Rb6
$19) 49... Rb6 50. Rf4+ Ke7 51. Rf1 b3 52. Kg7 b2 53. Rb1 Ke6 54. Kxh6 Kf5+ 55.
Kg7 Kg5 56. Kf7 Kxh5 57. Ke7 Kg4 58. Kd7 Kf3 59. Kc7 Rb3 0-1

[Event "CHN-chT 4th"]
[Site "China"]
[Date "2008.12.10"]
[Round "18"]
[White "Ni, Hua"]
[Black "Zvjaginsev, Vadim"]
[Result "1-0"]
[WhiteElo "2680"]
[BlackElo "2646"]
[Annotator "Primel,D"]
[PlyCount "87"]
[EventDate "2008.12.??"]
[EventType "team-tourn"]
[EventRounds "18"]
[EventCountry "CHN"]
[SourceTitle "EXT 2017"]
[Source "ChessBase"]
[SourceDate "2016.10.25"]
[SourceVersion "1"]
[SourceVersionDate "2016.10.25"]
[SourceQuality "1"]

1. e4 c5 2. Nf3 e6 3. d4 cxd4 4. Nxd4 Nc6 5. Nc3 d6 6. Be3 Nf6 7. Be2 Be7 8.
Qd2 (8. O-O) (8. g4) 8... O-O 9. O-O-O a6 10. h4 $5 {Une ligne secondaire} (10.
f4 {La grande ligne} Nd7 (10... Qc7 11. g4 Nxd4 12. Bxd4 e5) 11. h4 Nxd4 12.
Qxd4 b5 13. h5 h6 14. g4 Rb8 15. g5 b4 16. Na4 e5 17. Qd2 Qa5 18. b3 exf4 19.
Bxf4 Bxg5 20. Qxd6 Bxf4+ 21. Qxf4 Qe5 22. Qxe5 Nxe5 23. Rd6 Re8 24. Rg1 Kh7 25.
Nc5 a5 26. Rd5 f6 27. Kb2 Nf7 28. Nd7 Rb7 29. Bg4 Kh8 30. Rgd1 Rxe4 31. Nxf6
gxf6 32. Bxc8 Rc7 33. Bf5 Rf4 34. Rxa5 Ne5 35. Ra8+ Kg7 36. Rg1+ Kf7 37. Rh8
Rc6 38. Rh7+ Kf8 39. Rd1 Ke8 {Adams,M (2742)-Laznicka,V (2676) Baku 2015 1-0})
10... Qc7 11. h5 (11. g4) 11... Nxd4 $1 12. Qxd4 (12. Bxd4) 12... e5 13. Qd3 b5
(13... Be6 $5 {Plus actif pour essayer de profiter du fait que les Blancs ont
retardé la poussée habituelle f4} 14. f4 Rac8 15. f5 Bc4) 14. f4 b4 $1 $132 {
Force l'échange des N et les noirs vont gagner un tempo pour jouer Bf6 qui
place le B sur une excellente case défensive} 15. Nd5 Nxd5 16. exd5 a5 {
[%cal Gc8a6]} 17. Qd2 (17. Kb1) 17... exf4 18. Bxf4 Bf6 $1 {[%csl Gf6][%cal
Gf6b2] Malgré un petit retard de développement, les Noirs ont au moins
l'égalité} 19. Kb1 a4 $13 {[%cal Gf6b2] Malgré un petit retard de
développement, les Noirs ont du contre-jeu à l'aile-dame grâce au puissant
Bf6} 20. g4 (20. Qxb4 $2 Bf5 $44 {[%csl Rb2,Rc2,Gf6][%cal Gf8b8]}) 20... a3 (
20... b3 {Une position critique dans ce genre de structure} 21. g5 Bxb2 $1 (
21... Bf5 {[%cal Gf5b1]}) 22. Kxb2 bxc2 23. Qxc2 Rb8+ 24. Kc1 Qb6 {[%cal Gc8f5]
} 25. Rdf1 Bd7 {[%cal Gf8c8]}) 21. b3 Re8 22. Bc4 Bc3 23. Qh2 Ba6 24. Bxd6 Qd7
25. Bxa6 Rxa6 26. Bc7 {[%cal Gd5d6] Les R Noires manquent d'activité et la
poussée d6 couperait la Ra6 de la défense de l'aile-roi} Rf6 27. d6 Rf3 28.
Qg2 Rf4 29. g5 Rfe4 30. g6 $1 f5 31. h6 $40 hxg6 32. Qxg6 f4 33. hxg7 Bxg7 (
33... Qxg7 $2 34. Qh5 {[%cal Gd1g1]}) 34. Bb6 {[%cal Gb6d4]} R8e6 35. Qh7+ Kf8
36. Bd4 $1 Rxd4 37. Rxd4 Rf6 38. Qe4 f3 39. Rf1 f2 40. Qe3 (40. Rd2) 40... Kg8
41. Rdd1 Rxd6 42. Rxd6 Qxd6 43. Qxf2 Qd5 44. Qf4 1-0

[Event "Sautron op 16th"]
[Site "Sautron"]
[Date "2016.10.22"]
[Round "7.4"]
[White "Stany, George Anthony"]
[Black "Manea, Alexandru"]
[Result "1-0"]
[WhiteElo "2471"]
[BlackElo "2382"]
[Annotator "RR"]
[PlyCount "79"]
[EventDate "2016.10.22"]
[EventType "swiss"]
[EventRounds "9"]
[EventCountry "FRA"]
[SourceTitle "EXT 2019"]
[Source "ChessBase"]
[SourceDate "2018.10.10"]
[SourceVersion "1"]
[SourceVersionDate "2018.10.10"]
[SourceQuality "1"]
[TimeControl "40/5400+30:1800+30"]
[WhiteClock "0:33:17"]
[BlackClock "0:01:08"]

1. e4 {[%emt 0:00:00]} c5 {[%emt 0:06:40]} 2. Nf3 {[%emt 0:00:00]} e6 {[%emt 0:
00:09]} 3. d4 {[%emt 0:00:00]} cxd4 {[%emt 0:00:40]} 4. Nxd4 {[%emt 0:00:00]}
Nc6 {[%emt 0:00:08]} 5. Nc3 {[%emt 0:00:00]} Qc7 {[%emt 0:00:05]} 6. Be2 {
[%emt 0:00:03]} Nf6 {[%emt 0:00:08]} 7. O-O {[%emt 0:01:49]} Be7 {[%emt 0:00:
08]} 8. Be3 {[%emt 0:00:16]} O-O {[%emt 0:00:08]} 9. f4 {[%emt 0:00:23]} d6 {
[%emt 0:00:06]} 10. Ndb5 $5 {[%emt 0:00:18] Une ligne secondaire} (10. Kh1) (
10. Qe1) 10... Qb8 {[%emt 0:00:54]} 11. Qe1 {[%emt 0:00:09]} a6 {[%emt 0:05:43]
} 12. Nd4 {[%emt 0:00:10]} Nxd4 {[%emt 0:00:05]} (12... Bd7 13. Rd1 b5 14. a3
Nxd4 15. Bxd4 Bc6 16. Bf3 e5 17. Be3 a5 18. Nd5 Bxd5 19. exd5 e4 20. Be2 Rc8
21. c3 Qb7 22. Qd2 Bd8 23. g4 Nd7 24. g5 Bb6 25. Bg4 Rc4 26. Be2 Qa7 27. Kf2
Nc5 28. Bxc4 bxc4 29. Bxc5 Bxc5+ 30. Kg3 e3 31. Qg2 Qe7 32. Rde1 Rf8 33. Re2 f6
34. h4 g6 35. Qf3 fxg5 36. hxg5 Rf5 37. Rfe1 Qf7 38. Rxe3 Bxe3 39. Rxe3 Qxd5
40. Re8+ Kf7 41. Qe3 Qd3 42. Re7+ {Swiercz,D (2565)-Potkin,V (2669) Plovdiv
2012 1/2-1/2}) 13. Bxd4 {[%emt 0:00:04]} e5 {[%emt 0:00:05]} 14. Be3 {[%emt 0:
08:12]} (14. fxe5 dxe5 15. Be3 Ng4) 14... b5 {[%emt 0:03:58]} 15. fxe5 {
[%emt 0:16:35]} dxe5 {[%emt 0:00:15]} 16. Qg3 {[%emt 0:00:21]} Kh8 {[%emt 0:00:
05]} 17. Bg5 {[%emt 0:02:13]} Ng8 {[%emt 0:23:23] Un coup passif et les Noirs
n'ont pas terminé le développement de l'aile-dame} 18. Nd5 {[%emt 0:26:21]
[%csl Gd5]} Bxg5 {[%emt 0:03:13]} 19. Qxg5 $14 {[%emt 0:00:04]} Be6 {[%emt 0:
00:12]} 20. Rad1 $32 {[%emt 0:00:11][%csl Ra8,Rb8][%cal Gd1d3,Gd3h3]} Qa7+ $146
{[%emt 0:03:43]} (20... Rd8 21. Kh1 f6 22. Qh4 Qb7 23. b3 f5 24. Nf4 exf4 25.
Rxd8 Rxd8 26. Qxd8 Qxe4 27. Bd3 Qe5 28. Qg5 f3 29. Rxf3 Qa1+ 30. Rf1 Qxa2 31.
Bxf5 h6 32. Qg6 Bxf5 33. Qxf5 Qb2 34. h3 Qd4 35. Qd3 Qc5 36. Qf5 Qd4 37. Rf3
Qd1+ 38. Kh2 Qd6+ 39. Qf4 Qc6 40. c4 Nf6 41. Rd3 Qe6 42. c5 Kh7 43. b4 g5 44.
Rd6 {1-0 (44) Nolte,R (2420)-Rahman,Z (2558) Olongapo City 2010}) 21. Kh1 {
[%emt 0:01:17]} f6 {[%emt 0:00:06]} 22. Qh4 {[%emt 0:12:48]} Ne7 {[%emt 0:01:
01]} 23. Bg4 $1 {[%emt 0:00:22]} Bxg4 {[%emt 0:03:53]} 24. Qxg4 {[%emt 0:00:06]
} Rad8 {[%emt 0:00:28]} 25. Qe6 {[%emt 0:00:49]} Nxd5 {[%emt 0:00:53]} 26. Rxd5
{[%emt 0:00:11]} Rxd5 {[%emt 0:00:54]} 27. exd5 {[%emt 0:02:27][%csl Gd5]} Qc5
{[%emt 0:11:41]} 28. c3 {[%emt 0:06:38]} Qc4 {[%emt 0:01:04][%cal Gc4e6]} (
28... b4 29. cxb4 Qxb4 30. d6 Rd8 31. Rd1 $36) 29. Kg1 {[%emt 0:01:18]} Qc5+ {
[%emt 0:01:17]} 30. Kh1 {[%emt 0:00:40]} Qc4 {[%emt 0:00:44]} 31. Rf3 {[%emt 0:
11:28]} Qxa2 {[%emt 0:21:02][%csl Rh1]} 32. h3 {[%emt 0:00:18][%cal Ge6e7]} Rg8
$6 {[%emt 0:00:15]} 33. Qd7 {[%emt 0:04:01]} Qxb2 {[%emt 0:03:16]} 34. Qe7 {
[%emt 0:01:27]} Qc1+ {[%emt 0:02:31]} 35. Kh2 {[%emt 0:00:04]} b4 $2 {[%emt 0:
06:32]} 36. d6 {[%emt 0:04:07]} e4 {[%emt 0:01:51]} 37. Rxf6 $1 {[%emt 0:00:48]
} h6 {[%emt 0:00:38]} 38. Rf8 {[%emt 0:00:30]} Qg5 {[%emt 0:00:55]} 39. Rxg8+ {
[%emt 0:00:10]} Kxg8 {[%emt 0:00:00]} 40. Qxg5 {[%emt 0:00:00]} 1-0

[Event "Match/3 NationU26 POL-CSR-DDR"]
[Site "Zakopane"]
[Date "1980.10.02"]
[Round "4.2"]
[White "Boensch, Uwe"]
[Black "Vokac, Marek"]
[Result "1-0"]
[WhiteElo "2450"]
[BlackElo "2330"]
[Annotator "Rittner,H"]
[PlyCount "51"]
[EventDate "1980.09.28"]
[EventType "team-tourn"]
[EventRounds "4"]
[EventCountry "POL"]
[SourceTitle "EXT 2008"]
[Source "ChessBase"]
[SourceDate "2007.11.25"]
[SourceVersion "1"]
[SourceVersionDate "2007.11.25"]
[SourceQuality "1"]

1. e4 c5 2. Nc3 e6 3. Nf3 Nc6 4. d4 cxd4 5. Nxd4 d6 6. Be2 Nf6 7. Be3 Be7 8.
O-O O-O 9. f4 Bd7 10. Qe1 Nxd4 11. Bxd4 Bc6 12. Qg3 g6 13. Bd3 Nd7 $2 ({
In vielen Theoriebüchern ist nachzulesen, dass sich Schwarz mit} 13... Nh5 $1
14. Qf2 Nxf4 $1 15. Qxf4 e5 {usw. aktiv verteidigen kann.}) 14. f5 $1 {Stark
und selbstverständlich, es droht u.a. 15. fxe6 und evtl. 16. Qh3} e5 $6 ({
Relativ am hartnäckigsten erscheint uns} 14... exf5 15. exf5 Ne5 {usw.}) 15.
Be3 Nf6 16. Bh6 Re8 17. Bc4 $1 {Wie von selbst hat Weiß nun einen nicht mehr
zu parierenden Angriff erlangt. Es droht 18. fxg6 hxg6 19. Qxg6+} d5 $6 {
Auch dieses verzweifelte Opfer ist unzureichend.} ({und} 17... Nxe4 $2 {hat}
18. Nxe4 Bxe4 19. fxg6 Bxg6 20. Bxf7+ {zur Folge.}) 18. fxg6 hxg6 19. exd5 b5
20. Bb3 Bc5+ 21. Kh1 Bd7 ({Wenn} 21... Nxd5 22. Rad1) ({bzw.} 21... Bxd5 22.
Nxd5 Nxd5 23. Rad1 {immer mit Gewinn.}) 22. Rxf6 $1 ({Sehr stark auch} 22. Qf3
$1) 22... Qxf6 23. Ne4 Qb6 24. d6 {/\ Qxg6+} Re6 $6 25. Bxe6 Bxe6 26. Qh4 {
Mit Mattdrohung 27. Nf6+!} 1-0

[Event "Asker 75th"]
[Site "Asker"]
[Date "1997.11.23"]
[Round "2"]
[White "Nataf, Igor Alexandre"]
[Black "Rytshagov, Mikhail"]
[Result "0-1"]
[WhiteElo "2440"]
[BlackElo "2525"]
[Annotator "Rogozenco,D"]
[PlyCount "76"]
[EventDate "1997.11.22"]
[EventType "tourn"]
[EventRounds "9"]
[EventCountry "NOR"]
[EventCategory "10"]
[SourceTitle "CBM 062"]
[Source "ChessBase"]
[SourceDate "1998.01.31"]
[SourceVersion "1"]
[SourceVersionDate "1998.01.31"]
[SourceQuality "1"]

1. e4 c5 2. Nf3 d6 3. d4 cxd4 4. Nxd4 Nf6 5. Nc3 e6 6. Be2 Be7 7. O-O O-O 8. f4
Nc6 9. Be3 e5 10. Nb3 exf4 11. Bxf4 Be6 12. Kh1 d5 13. e5 Ne4 14. Bd3 (14. Nxe4
dxe4 15. Qc1 $1 {Very interesting novelty which can change the evaluation of
the hole line as unpleasant for Black. 15.Qe1 Bg5= was played before.} Qc7 16.
Qe3 Nb4 17. Qg3 $1 Rfd8 18. c3 {and White won a very good game. Slobodjan-Leko,
Groningen 1997}) 14... f5 15. exf6 Bxf6 16. Na4 $6 {This doesn`t look good.
After Black`s natural response, the Knight on a4 is very bad placed.} (16. Nxe4
dxe4 17. Nc5 Bd5 (17... exd3 18. Nxe6 dxc2 19. Qe1 Re8 20. Nxd8 Rxe1 21. Raxe1
Rxd8 22. Re2 Nb4 23. Bc1 Rd1 24. Rg1 Bd4 25. Rge1 Nd3 26. Re8+ Kf7 27. R8e7+
Kg6 28. R7e6+ Bf6 {0-1 Nokso Koivisto,A-Hakulinen,E/Espoo op 1989/EXT 89op2})
18. Nxe4 Bxb2 19. Nd6 Qh4 20. Bg3 Rxf1+ 21. Qxf1 Qf6 22. Rb1 Qxf1+ 23. Bxf1 Be5
24. c4 Be6 25. Bxe5 Nxe5 26. Rxb7 Rd8 27. c5 Nf7 28. Rxa7 Nxd6 29. cxd6 Rxd6
30. Ra8+ Kf7 31. Ra3 Rd1 32. Rf3+ Ke7 33. a3 Ra1 34. Kg1 Bc4 35. Re3+ Kf6 36.
Rf3+ {1/2-1/2 Cela,A-Savas,L/WchJM-U18 1991/EXP 25}) (16. Qe2 Bxc3 17. bxc3 Qh4
18. Qe3 Rae8 19. Rae1 Bd7 20. Bg3 Nxg3+ 21. Qxg3 Rxf1+ 22. Rxf1 Qxg3 23. hxg3
Re3 24. Rf3 Re1+ 25. Rf1 Rxf1+ 26. Bxf1 Bf5 27. Bd3 Bxd3 28. cxd3 Kf7 29. Kg1
Kf6 30. Kf2 Kf5 {Gazik,I-Cvetkovic,S/Tatran Cup 1988/EXT 88/1/2-1/2 (44)})
16... b6 17. Qe2 Re8 18. Rad1 (18. Rae1 $5 {d1-square should be kept for the
Queen.} Bf7 19. Qd1 $13) 18... Bf7 19. Qf3 Ne5 20. Bxe5 (20. Qh3 $142 Be6 21.
Qe3 Ng4 22. Qg1 $13) 20... Rxe5 $15 21. Bxe4 Rxe4 22. Nc3 (22. Qxe4 dxe4 23.
Rxd8+ Rxd8 24. Re1 Rc8 $17) 22... Re5 23. Nd4 Rc8 24. Nf5 Rc5 25. Rd2 (25. Nh6+
$2 gxh6 26. Qxf6 Qxf6 27. Rxf6 d4 $19) 25... Bg6 26. Nd4 $2 (26. Ne3 d4 27. Ng4
Rf5 28. Nxf6+ Rxf6 29. Qe2 Rxf1+ 30. Qxf1 $15) 26... Qe8 27. h3 h6 28. Qg3 Re3
$17 29. Qf2 Bg5 30. Nb3 Rc7 31. Rfd1 Rf7 32. Qg1 Bh5 $19 {The triumph of
Bishops vs.Knights. Black is winning.} 33. Rb1 Qe5 34. Rf2 (34. Rd3 Rxd3 35.
cxd3 Rf3 $1 $19) 34... d4 35. Rxf7 Bxf7 36. Na4 Rxh3+ 37. gxh3 Bd5+ 38. Qg2
Bxg2+ 0-1

[Event "New York CITS"]
[Site "New York"]
[Date "1996.??.??"]
[Round "6"]
[White "Wolff, Patrick G"]
[Black "Salov, Valery"]
[Result "1/2-1/2"]
[WhiteElo "2565"]
[BlackElo "2670"]
[Annotator "Salov,V"]
[PlyCount "85"]
[EventDate "1996.03.??"]
[EventType "tourn"]
[EventRounds "11"]
[EventCountry "USA"]
[EventCategory "13"]
[SourceTitle "CBM 052"]
[Source "ChessBase"]
[SourceDate "1996.06.01"]
[SourceVersion "1"]
[SourceVersionDate "1996.06.01"]
[SourceQuality "1"]

1. e4 {Ftacnik} c5 2. Nf3 d6 3. d4 cxd4 4. Nxd4 Nf6 5. Nc3 e6 6. Be2 Be7 7. O-O
Nc6 8. Be3 Bd7 9. Ndb5 (9. Nb3 a6 10. a4 Na5 $10) 9... Qb8 10. a4 O-O 11. Qd2
Rd8 12. f4 a6 13. Nd4 (13. Na3 $2 d5 14. exd5 exd5 15. Nxd5 (15. Bb6 d4 $1 16.
Nd1 Ne4 $36) 15... Nxd5 16. Qxd5 Bg4 17. Qc4 Na5 $15) 13... Nxd4 14. Bxd4 Bc6
15. Qe3 $1 Nd7 16. e5 Qc7 17. Bd3 g6 18. Rae1 (18. h4 $5 Bxh4 $140 $2 19. Qh3
$1 Be7 20. Bxg6 $1 fxg6 (20... hxg6 21. exd6 $18) 21. Qxe6+ Kf8 22. f5 $18)
18... Re8 19. Qg3 f5 $1 20. exf6 Bxf6 21. Bxf6 Nxf6 $10 22. f5 $6 exf5 23. Bxf5
Nh5 $1 24. Rxe8+ (24. Qg5 $2 Qb6+ 25. Kh1 Rxe1 26. Rxe1 Qf2 27. Be6+ Kg7 28.
Rg1 Re8 $19) (24. Qh4 $5) 24... Rxe8 25. Qg4 Qb6+ 26. Kh1 Kg7 27. Bd3 Qe3 $1
28. b3 Re5 $1 29. Nd1 Qd2 30. Nf2 Rg5 $4 (30... Nf4 $1 31. Kg1 Rg5 32. Qxg5
Ne2+ 33. Bxe2 Qxg5 34. Bg4 h5 35. Bh3 Qd2 $19) 31. Qd4+ Nf6 {[#]} (31... Kh6 $2
32. Ng4+ $18 {Black simply overlooked this check when he went after Rg5??}) 32.
Qxf6+ $1 (32. Rg1 $2 {Ftacnik} Bxg2+ 33. Rxg2 Qe1+) 32... Kxf6 33. Ne4+ $1 {
double check!} Ke7 34. Nxd2 Bxg2+ 35. Kg1 Bxf1+ 36. Kxf1 Rh5 $10 37. Nf3 Rc5
38. Kf2 Kf6 39. Ke3 h6 40. Kd4 Rh5 41. Bf1 Rf5 42. Bd3 Rc5 43. h3 1/2-1/2

[Event "Minsk op"]
[Site "Minsk"]
[Date "1996.??.??"]
[Round "3"]
[White "Chernyshov, Konstantin"]
[Black "Labuckas, Aidas"]
[Result "0-1"]
[WhiteElo "2470"]
[BlackElo "2395"]
[Annotator "Shipov,S"]
[PlyCount "110"]
[EventDate "1996.??.??"]
[EventType "swiss"]
[EventRounds "9"]
[EventCountry "BLR"]
[SourceTitle "EXT 2000"]
[Source "ChessBase"]
[SourceDate "1999.11.16"]
[SourceVersion "1"]
[SourceVersionDate "1999.11.16"]
[SourceQuality "1"]

1. e4 c5 2. Nf3 e6 3. Nc3 d6 4. d4 cxd4 5. Nxd4 Nf6 6. Be2 Nc6 7. Be3 Be7 8.
Qd2 O-O 9. O-O-O d5 (9... a6 10. f4 (10. Kb1 Bd7 11. f4 b5 12. Bf3 Rc8 13. g4
Na5 14. g5 Nc4 15. Qe2 Ne8 16. h4 Qc7 17. Rd3 Nxe3 18. Rxe3 b4 19. Nd1 d5 $1
20. e5 Bc5 21. Rd3 Qb6 22. Qd2 Nc7 $17 {Ziatdinov,R-Saltaev,M/Tashkent/1993/0,
5/75/}) 10... Qc7 11. g4 Nd7 12. g5 b5 13. f5 b4 14. f6 Bd8 15. fxg7 Re8 16.
Na4 Bb7 17. Rhf1 Nce5 18. Bh5 Bxe4 19. Qf2 Nc5 $6 (19... Bg6 20. Bxg6 hxg6 $13)
20. Nxc5 dxc5 21. Nf3 $16 {Spasov,V-Sokolov,A/Manila/1990/0:1/61/}) 10. exd5
exd5 11. h3 (11. f3 Be6 12. g4 Rc8 13. g5 Ne8 14. Rhg1 Nd6 15. g6 Nxd4 16.
gxh7+ Kh8 17. Bxd4 Nf5 18. Nb5 a6 19. Bd3 Nxd4 20. Nxd4 Bf6 21. Nxe6 fxe6 $10 {
Sznapik,A-Ligterink,G/Amsterdam/1984/}) 11... Bb4 $1 12. Bg5 Ne4 (12... Bxc3 $5
13. Qxc3 Ne4 14. Bxd8 Nxc3 15. bxc3 Rxd8 $10) 13. Bxd8 Nxd2 14. Nxd5 (14. Rxd2
Rxd8 $10) 14... Nxd4 $8 15. Nxb4 N2b3+ (15... Nxe2+ 16. Kxd2 Nf4 17. Bg5 Nxg2
18. Rdg1 f6 $13) 16. axb3 Nxe2+ 17. Kb1 (17. Kd2 Nf4 18. Bg5 Nxg2 19. Rdg1 f6
20. Bxf6 Rxf6 21. Rxg2 b6 $44) 17... Bxh3 $1 18. Be7 $2 (18. Rxh3 Raxd8 $10)
18... Bxg2 $1 19. Rhe1 Rfe8 20. Rxe2 Bf3 21. Rde1 Bxe2 22. Rxe2 Rad8 $1 $17 {
o^ h7/} 23. c4 (23. Kc1 $2 Rd7 $19) 23... f6 24. Re3 $2 (24. Kc2 $142) 24...
Rd1+ 25. Kc2 Rf1 26. Re2 h5 27. Nd5 Kf7 28. f4 (28. c5 h4 29. Kd2 h3 30. Bd6
Rxe2+ 31. Kxe2 Rb1 $17) 28... Rf3 $1 (28... h4 29. Rh2 $1 Rh8 (29... Rxe7 30.
Nxe7 Kxe7 31. Rxh4 $15) 30. Bc5 a6 31. Bf2 h3 32. Ne3 Ra1 33. f5 $1 $13 {
>< Ra1/}) 29. b4 a6 $1 (29... h4 30. b5 $1 $132) 30. Kd2 h4 31. Bc5 Rxe2+ 32.
Kxe2 Rb3 33. Bd4 h3 34. Kf2 Rd3 35. Bc3 Ke6 36. Kg1 (36. Ne3 $2 h2) 36... Kf5
37. Kh2 Kg4 38. Be1 Kf5 39. Bc3 Kg4 40. Be1 b5 $1 41. cxb5 axb5 42. Nc3 Kxf4
43. Nxb5 g5 44. Nc3 g4 $19 45. b5 Kf3 46. b6 Rd7 47. Nb5 f5 48. b7 (48. Nc7 f4
$1 49. b7 g3+ 50. Kg1 (50. Kxh3 Rh7#) 50... Rd1 $19) 48... Rxb7 49. Nd4+ Ke4
50. Bc3 f4 51. Ne6 Re7 52. Nd4 Rh7 53. Ne6 g3+ 54. Kh1 Rh5 55. Bf6 f3 0-1